Les saisons dans les titres de livres - Clic Quiz - Statistiques

Statistiques générales
  • Ce quiz a été pris 152 fois
  • Le résultat moyen est 10 sur 27
Statistiques - réponses
Hint Réponse % Correct
Tennessee Williams, "Le ... romain de Mrs Stone" Printemps
74%
Éric-Emmanuel Schmitt, "Une hirondelle ne fait pas le/l' ..." Printemps
69%
Sébastien Japrisot, "Le/L' ... meurtrier" Été
65%
Antoine Blondin, "Un singe en ..." Hiver
65%
Raymond Queneau, "Un rude..." Hiver
64%
Marie Devort, "L'Abbé Pierre, ... 54" Hiver
59%
Lois Duncan, "Je sais ce que tu as fait le/l' ... dernier" Été
58%
Jim Harisson, "Légende de/d' ..." Automne
49%
Herman Raucher, "Un ... 42" Été
40%
Marguerite Duras, "Dix heures et demie du soir en/au ..." Été
37%
Boris Vian, "Le/L'... à Pékin" Automne
34%
Madeleine Chapsal, "Un ... sans histoire" Été
33%
Siri Hustvedt, "Un ... sans les hommes" Été
32%
Hubert Mingarelli, "Un repas au/en ..." Hiver
31%
Ingmar Bergman, "Sonate de/d' ..." Automne
30%
Pierre Pelot, "L'/Le ... en pente douce" Été
28%
Jean Dutourd, "Le/L' ... de la vie" Printemps
28%
Philippe Jaenada, "Au/A l' ... des monstres" Printemps
25%
Joseph Joffo, "Tendre..." Été
23%
George Sand, "Un ... à Majorque" Hiver
23%
Dan Smith, "... rouge" Hiver
23%
Raymond Delley "Quelques jours en/au ..." Automne
22%
Gabriel Garcia Marquez, "Le/L' ... du patriarche" Automne
22%
Edith Wharton, "..." Été
22%
Harold Cobert, "Un ... avec Baudelaire" Hiver
22%
Stefan Zweig, "... au Prater" Printemps
22%
Tamara Magaram, "Un ... à Paris" Printemps
15%
Aucun quiz correspondant
Distribution des résultats
% des personnes avec chaque résultat
Percentile par nombre de réponses
Votre historique - résultats
Vous n’avez pas pris ce quiz